[Event "Mittelfranken-chTB1 1819"]
[Site "Mittelfranken"]
[Date "2019.03.31"]
[Round "8.7"]
[White "Weber, Alexander"]
[Black "Ahlich, Thomas"]
[Result "1-0"]
[WhiteElo "1858"]
[BlackElo "1909"]
[PlyCount "137"]
[EventDate "2018.10.14"]
[EventType "team-tourn"]
[EventRounds "9"]
[EventCountry "GER"]
[SourceTitle "EXT 2022"]
[Source "ChessBase"]
[SourceDate "2021.10.06"]
[SourceVersion "1"]
[SourceVersionDate "2021.10.06"]
[SourceQuality "1"]
[WhiteTeam "Erlangen SC III"]
[BlackTeam "Nuernberg Zabo Eintracht"]
[WhiteTeamCountry "GER"]
[BlackTeamCountry "GER"]

1. b3 Nf6 2. Bb2 c5 3. c4 b6 4. d3 Bb7 5. e4 d6 6. f4 Nc6 7. Nf3 Qc7 8. e5 dxe5 9. Nxe5 e6 10. Nd2 Nxe5 11. fxe5 Nd7 12. Nf3 g6 13. Qe2 Bg7 14. 0-0-0 0-0 15. Re1 a6 16. Kb1 b5 17. h4 h5 18. Rh3 Bh6 19. Ng5 Bxg5 20. hxg5 Kg7 21. Qf2 Qc6 22. Re4 a5 23. Rf4 Qb6 24. g4 hxg4 25. Rxg4 Rh8 26. Rgh4 Rxh4 27. Qxh4 Kf8 28. Qf4 Ke7 29. Rh7 Rf8 30. cxb5 Qxb5 31. Ba3 Qc6 32. Rh4 Qf3 33. Qxf3 Bxf3 34. d4 Ra8 35. Bb5 Kd8 36. Rh8+ Ke7 37. Rxa8 Bxa8 38. Kc2 Kd8 39. Bxc5 Nb8 40. Bb6+ Kc8 41. Bxa5 Nc6 42. Bxc6 Bxc6 43. Kc3 Be4 44. b4 Bd5 45. a4 Kb7 46. b5 Bf3 47. Kb4 Bd1 48. Bd8 Kc8 49. Be7 Kb7 50. a5 Ka7 51. Kc5 Bf3 52. Kb4 Be2 53. Bc5+ Ka8 54. a6 Bf3 55. b6 Kb8 56. Bd6+ Kc8 57. Kc5 Be4 58. b7+ Bxb7 59. axb7+ Kxb7 60. Kb5 Kc8 61. Be7 Kb7 62. Kc5 Kc7 63. Bf6 Kd7 64. Kb6 Ke8 65. Kc7 Kf8 66. Kd7 Kg8 67. Ke8 Kh7 68. Bh8 Kg8 69. Ke7 1-0

[Event "Mittelfranken-chTB1 1617"]
[Site "Mittelfranken"]
[Date "2016.11.13"]
[Round "2.8"]
[White "Alsheimer, Lea"]
[Black "Ahlich, Thomas"]
[Result "1-0"]
[WhiteElo "1795"]
[BlackElo "1813"]
[PlyCount "69"]
[EventDate "2016.10.23"]
[EventType "team-tourn"]
[EventRounds "9"]
[EventCountry "GER"]
[SourceTitle "EXT 2022"]
[Source "ChessBase"]
[SourceDate "2021.10.06"]
[SourceVersion "1"]
[SourceVersionDate "2021.10.06"]
[SourceQuality "1"]
[WhiteTeam "Bechhofen"]
[BlackTeam "Nuernberg Zabo Eintracht"]
[WhiteTeamCountry "GER"]
[BlackTeamCountry "GER"]

1. d4 Nf6 2. Nf3 b6 3. Nc3 Bb7 4. d5 Ba6 5. e4 Bxf1 6. Rxf1 d6 7. Bg5 c5 8. e5 dxe5 9. Nxe5 Nbd7 10. Nxd7 Nxd7 11. Qe2 Qb8 12. 0-0-0 Qe5 13. Qg4 h5 14. Qh4 f6 15. Be3 g5 16. Qa4 a6 17. Rfe1 Qb8 18. d6 b5 19. Qe4 e5 20. f4 gxf4 21. Bxf4 Kf7 22. Qd5+ Kg6 23. Bxe5 Nxe5 24. Rxe5 Bh6+ 25. Kb1 fxe5 26. Qe6+ Kg7 27. Qxe5+ Kg6 28. Nd5 Qe8 29. Ne7+ Kh7 30. Qe4+ Kg7 31. d7 Qf7 32. Nf5+ Kh7 33. Rd6 Bg5 34. Nh6+ Kg7 35. Nxf7 1-0

[Event "Mittelfranken-chTB1 1415"]
[Site "Mittelfranken"]
[Date "2014.09.28"]
[Round "1.7"]
[White "Pranschke, Gerd"]
[Black "Ahlich, Thomas"]
[Result "1-0"]
[WhiteElo "1956"]
[BlackElo "1801"]
[PlyCount "57"]
[EventDate "2014.09.29"]
[EventType "team-tourn"]
[EventRounds "9"]
[EventCountry "GER"]
[SourceTitle "EXT 2020"]
[Source "ChessBase"]
[SourceDate "2019.10.17"]
[SourceVersion "1"]
[SourceVersionDate "2019.10.17"]
[SourceQuality "1"]
[WhiteTeam "Nuernberg NT III"]
[BlackTeam "Nuernberg Zabo"]
[WhiteTeamCountry "GER"]
[BlackTeamCountry "GER"]

1. e4 e5 2. d4 exd4 3. Qxd4 d6 4. Nc3 Nc6 5. Qe3 Nf6 6. h3 g6 7. Bd2 Bg7 8. 0-0-0 a6 9. f4 0-0 10. Qf2 b5 11. Bd3 Nb4 12. Nf3 Nxd3+ 13. cxd3 b4 14. Ne2 c5 15. g4 Qa5 16. Kb1 Be6 17. Nc1 c4 18. f5 Bd7 19. g5 c3 20. gxf6 Bxf6 21. Bg5 Bxg5 22. Nxg5 Rfc8 23. Rdf1 cxb2 24. Qxb2 Rc3 25. Rhg1 Rac8 26. fxg6 fxg6 27. Qf2 Be6 28. Nxe6 Qe5 29. Qf8+ 1-0

[Event "Mittelfranken-chTB1 1314"]
[Site "Mittelfranken"]
[Date "2014.03.30"]
[Round "8.4"]
[White "Ahlich, Thomas"]
[Black "Bachstein, Dustin"]
[Result "0-1"]
[WhiteElo "1801"]
[BlackElo "2068"]
[PlyCount "56"]
[EventDate "2013.10.20"]
[EventType "team-tourn"]
[EventRounds "9"]
[EventCountry "GER"]
[SourceTitle "EXT 2020"]
[Source "ChessBase"]
[SourceDate "2019.10.17"]
[SourceVersion "1"]
[SourceVersionDate "2019.10.17"]
[SourceQuality "1"]
[WhiteTeam "Nuernberg Zabo"]
[BlackTeam "Erlangen SC II"]
[WhiteTeamCountry "GER"]
[BlackTeamCountry "GER"]

1. Nf3 Nf6 2. b3 g6 3. Bb2 Bg7 4. c4 0-0 5. g3 d6 6. Bg2 e5 7. d3 Nc6 8. 0-0 Nh5 9. Nc3 f5 10. a3 a5 11. e3 Bd7 12. Qc2 f4 13. exf4 exf4 14. Rae1 Bf5 15. Ne4 Qd7 16. Bxg7 Qxg7 17. Nh4 Bg4 18. h3 Nd4 19. Qb1 Be2 20. Rxe2 Nxe2+ 21. Kh2 Nd4 22. Ng5 Qe5 23. Bd5+ Kg7 24. Qa1 fxg3+ 25. Kh1 Rxf2 26. Re1 Rh2+ 27. Kg1 Ne2+ 28. Kf1 Rf2# 0-1

[Event "Mittelfranken-chTB2a 1213"]
[Site "Germany"]
[Date "2012.10.07"]
[Round "6.4"]
[White "Cesinger, Sascha"]
[Black "Ahlich, Thomas"]
[Result "1/2-1/2"]
[WhiteElo "1734"]
[BlackElo "1957"]
[PlyCount "86"]
[EventDate "2012.10.07"]
[EventType "team-tourn"]
[EventRounds "9"]
[EventCountry "GER"]
[SourceTitle "EXT 2019"]
[Source "ChessBase"]
[SourceDate "2018.10.10"]
[SourceVersion "1"]
[SourceVersionDate "2018.10.10"]
[SourceQuality "1"]
[WhiteTeam "Bad Windsheim"]
[BlackTeam "Nuernberg Zabo"]
[WhiteTeamCountry "GER"]
[BlackTeamCountry "GER"]

1. Nf3 Nf6 2. c4 b6 3. g3 Bb7 4. Bg2 e6 5. Nc3 Be7 6. 0-0 0-0 7. d3 d5 8. Ne5 Nbd7 9. Bf4 c6 10. cxd5 exd5 11. d4 Re8 12. Rc1 Nh5 13. e3 Nxf4 14. gxf4 Nf6 15. Ne2 c5 16. Ng3 cxd4 17. Qxd4 Bc5 18. Qd3 a5 19. Rfd1 Bd6 20. Nc6 Bxc6 21. Rxc6 d4 22. Rxd6 Qxd6 23. Bxa8 Rxa8 24. Qxd4 Qc6 25. Nf5 Qf3 26. Rd2 h5 27. Nh6+ Kh7 28. Nxf7 Qg4+ 29. Kf1 Rc8 30. Rd1 Qh3+ 31. Ke1 Qxh2 32. Ng5+ Kh6 33. Ke2 Rc2+ 34. Rd2 Rc7 35. Qxb6 Rc1 36. Ne4 Qh1 37. Ng3 Qe1+ 38. Kd3 h4 39. Nf5+ Kh5 40. Nxg7+ Kg6 41. Ne8 Qf1+ 42. Re2 Qd1+ 43. Rd2 Qf1+ 1/2-1/2

[Event "Mittelfranken-chTB2a 1112"]
[Site "Germany"]
[Date "2011.11.20"]
[Round "3.6"]
[White "Ahlich, Thomas"]
[Black "Borel, Bernd"]
[Result "1/2-1/2"]
[WhiteElo "1762"]
[BlackElo "1779"]
[PlyCount "51"]
[EventDate "2011.09.25"]
[EventType "team-tourn"]
[EventRounds "9"]
[EventCountry "GER"]
[SourceTitle "EXT 2013"]
[Source "ChessBase"]
[SourceDate "2012.11.22"]
[SourceVersion "1"]
[SourceVersionDate "2012.11.22"]
[SourceQuality "1"]
[WhiteTeam "Nuernberg Zabo"]
[BlackTeam "Grossenseebach"]
[WhiteTeamCountry "GER"]
[BlackTeamCountry "GER"]

1. e4 e5 2. Nf3 Nc6 3. d4 exd4 4. Nxd4 Qf6 5. Be3 Bc5 6. c3 Bb6 7. Na3 d6 8. Nac2 Qe7 9. Bb5 Bd7 10. 0-0 Nf6 11. f3 0-0 12. Nxc6 bxc6 13. Bd3 d5 14. Re1 dxe4 15. Bxb6 cxb6 16. Bxe4 Nxe4 17. Rxe4 Qc5+ 18. Qd4 Qxd4+ 19. Rxd4 Be6 20. b3 Rfe8 21. Kf2 c5 22. Rd6 Kf8 23. Rad1 Ke7 24. Ke2 Rad8 25. Rxd8 Rxd8 26. Rxd8 1/2-1/2

[Event "Mittelfranken-chTB2b 0910"]
[Site "Mittelfranken"]
[Date "2010.03.14"]
[Round "8.2"]
[White "Simon, Martin"]
[Black "Ahlich, Thomas"]
[Result "0-1"]
[WhiteElo "1965"]
[BlackElo "1835"]
[PlyCount "64"]
[EventDate "2009.10.11"]
[EventType "team-tourn"]
[EventRounds "9"]
[EventCountry "GER"]
[SourceTitle "EXT 2011"]
[Source "ChessBase"]
[SourceDate "2010.11.26"]
[SourceVersion "1"]
[SourceVersionDate "2010.11.26"]
[SourceQuality "1"]
[WhiteTeam "Neumarkt"]
[BlackTeam "Nuernberg Zabo"]
[WhiteTeamCountry "GER"]
[BlackTeamCountry "GER"]

1. e4 e5 2. Nf3 Nc6 3. d4 exd4 4. Bc4 Bc5 5. c3 Nf6 6. e5 d5 7. Bb5 Ne4 8. cxd4 Bb4+ 9. Nbd2 0-0 10. Bxc6 bxc6 11. 0-0 c5 12. dxc5 Nxc5 13. a3 Bxd2 14. Bxd2 Re8 15. Rc1 Ne6 16. Ba5 Ba6 17. Re1 Qd7 18. Nd4 Nxd4 19. Qxd4 c6 20. Re3 Bb7 21. Rg3 Re6 22. Qg4 g6 23. f4 Rc8 24. Bb4 c5 25. Bxc5 d4 26. Qd1 Be4 27. b4 d3 28. Rc4 f5 29. exf6 Rce8 30. Re3 Qd5 31. Rd4 Qa2 32. Qe1 Qxg2# 0-1

[Event "Nuremberg Zabo op 11th"]
[Site "Nuremberg"]
[Date "2009.09.20"]
[Round "5"]
[White "Ahlich, Thomas"]
[Black "Deinlein, Albert"]
[Result "1-0"]
[WhiteElo "1833"]
[BlackElo "1664"]
[PlyCount "87"]
[EventDate "2009.09.18"]
[EventType "swiss"]
[EventRounds "5"]
[EventCountry "GER"]
[SourceTitle "EXT 2012"]
[Source "ChessBase"]
[SourceDate "2011.11.24"]
[SourceVersion "1"]
[SourceVersionDate "2011.11.24"]
[SourceQuality "1"]

1. Nf3 d5 2. b3 Nf6 3. Bb2 e6 4. e3 Be7 5. c4 0-0 6. Qc2 Nbd7 7. Nc3 c5 8. d4 b6 9. Bd3 h6 10. 0-0 Bb7 11. Qe2 a6 12. Ne5 Nxe5 13. dxe5 Ne4 14. f3 Nxc3 15. Bxc3 f6 16. f4 f5 17. Rad1 Qe8 18. a4 Qf7 19. Rd2 Rfd8 20. Rfd1 Rd7 21. h3 d4 22. Bb2 Rad8 23. Bc2 Bf8 24. exd4 cxd4 25. Kh2 Bc5 26. Bd3 Bb4 27. Rc2 Qg6 28. g4 Be4 29. Rg1 Bxd3 30. Qxd3 Qf7 31. Bc1 Kh8 32. Rcg2 Rg8 33. g5 Rdd8 34. gxh6 gxh6 35. Rxg8+ Rxg8 36. Rxg8+ Qxg8 37. Qxd4 Bc5 38. Qd1 Bf2 39. Qf1 Qg3+ 40. Kh1 Qf3+ 41. Qg2 Qd1+ 42. Kh2 Bd4 43. Ba3 Kh7 44. Bf8 1-0

[Event "Mittelfranken Mitte-ch 0809"]
[Site "Zirndorf"]
[Date "2009.01.10"]
[Round "4"]
[White "Ahlich, Thomas"]
[Black "Petrashov, Alexander"]
[Result "1-0"]
[WhiteElo "1885"]
[BlackElo "1264"]
[PlyCount "29"]
[EventDate "2009.01.06"]
[EventType "swiss"]
[EventRounds "7"]
[EventCountry "GER"]
[SourceTitle "EXT 2015"]
[Source "ChessBase"]
[SourceDate "2014.11.20"]
[SourceVersion "1"]
[SourceVersionDate "2014.11.20"]
[SourceQuality "1"]

1. Nf3 d5 2. b3 Nf6 3. Bb2 g6 4. e3 Bg7 5. Be2 Bf5 6. 0-0 0-0 7. d3 Nbd7 8. Nd4 Be6 9. Nxe6 fxe6 10. Nd2 e5 11. Nf3 e4 12. dxe4 dxe4 13. Ng5 Re8 14. Bc4+ Kf8 15. Ne6+ 1-0